000 00636nam a2200217 a 4500
001 000046100
003 DO-SdBNP
005 20171023131417.0
007 000046100
008 150619s1973 dr 000 0 spa d
040 _aBPMSU
_bspa
_cBPMSU
092 _axxxx
_bxxxx
100 1 _aBalaguer, Joaquín,
_d1906-2002
245 1 0 _aTemas educativos y actividades diplomáticas /
_cJoaquín Balaguer.
260 _aMéxico :
_bFuentes,
_c1973.
300 _a326 p ;
_c22 cm.
505 _gv. 3 :
_tDiscursos --
942 _2ddc
_cBK
945 _aTítulo remanejado para BNPHU / 2017 VM
956 _aVMATEO
_b10
_c20150825
_lBPMSU
_h00151
999 _c8221
_d8221